[Event "Praia op 2nd"]
[Site "Praia a Mare"]
[Date "2010.03.31"]
[Round "1"]
[White "Orenga, Antonio"]
[Black "Mercuri, Delia"]
[Result "1/2-1/2"]
[WhiteElo "1404"]
[BlackElo "1520"]
[PlyCount "131"]
[EventDate "2010.03.31"]
[EventType "swiss"]
[EventRounds "5"]
[EventCountry "ITA"]
[SourceTitle "EXT 2023"]
[Source "ChessBase"]
[SourceDate "2022.10.05"]
[SourceVersion "1"]
[SourceVersionDate "2022.10.05"]
[SourceQuality "1"]

1. e4 e5 2. Nf3 Nf6 3. Nxe5 d6 4. Nf3 Nxe4 5. Qe2 Qe7 6. d3 Nf6 7. Bg5 Qxe2+ 8. Bxe2 Be7 9. Nc3 Be6 10. 0-0 0-0 11. Nd2 c6 12. Nde4 Nbd7 13. Nxf6+ Nxf6 14. Ne4 Kh8 15. Nxf6 gxf6 16. Bd2 Rg8 17. Rfe1 Bd5 18. Bf1 Be6 19. Re3 d5 20. Rae1 Bd6 21. d4 Bf4 22. R3e2 Bd6 23. Bc1 Bf5 24. c3 h5 25. g3 h4 26. Re3 hxg3 27. fxg3 Be6 28. Rf3 f5 29. Bd3 f4 30. Bxf4 Bxf4 31. Rxf4 Kg7 32. Re5 Rh8 33. Bf5 Rh6 34. Bxe6 fxe6 35. Rg5+ Rg6 36. Rfg4 Rxg5 37. Rxg5+ Kf6 38. h4 Re8 39. Re5 c5 40. Kf2 b5 41. a3 a5 42. g4 b4 43. g5+ Kg6 44. dxc5 bxc3 45. bxc3 Rf8+ 46. Kg3 Kf7 47. h5 Rc8 48. g6+ Kf6 49. Re3 Rxc5 50. Rf3+ Kg7 51. Rf7+ Kg8 52. Rf3 d4 53. cxd4 Rxh5 54. Rf6 Rd5 55. Rf4 Kg7 56. Rg4 e5 57. Kf3 exd4 58. Ke4 Rd7 59. Kd3 Rb7 60. Kc4 d3 61. Rd4 Kxg6 62. Rxd3 Kf7 63. Rd5 Ra7 64. a4 Ke6 65. Rh5 Kd6 66. Kb5 1/2-1/2